Estatísticas para Pirlo

Clique aqui para jogar o quiz

Estatísticas Gerais

  • Esse quiz foi jogado 48 vezes
  • A pontuação média é 5 de 8

Estatísticas das Respostas

AnosClubes% Correto
2011-2015Juventus
100%
2001-2011Milan
100%
(Seleção)2002-2015Itália
95%
1998-2001Inter de Milão
67%
2015-2017New York City
33%
1995-1998Brescia
24%
2001(Emp.)Brescia
24%
1999-2000(Emp.)Reggina
14%

Distribuição das Pontuações

Percentil de Números Respondidos

Porcentagem de Pessoas com Cada Pontuação

Sua Pontuação Histórica

Você não jogou esse quiz